书目信息 |
| 题名: |
珊瑚海恋人
|
|
| 作者: | 菜菜粥 著 | |
| 分册: | ||
| 出版信息: | 重庆 重庆出版社 2007.10 |
|
| 页数: | 235页 | |
| 开本: | 23cm | |
| 丛书名: | ||
| 单 册: | ||
| 中图分类: | I247.5 | |
| 科图分类: | ||
| 主题词: | 长篇小说--chang pian xiao shuo--中国--当代 | |
| 电子资源: | ||
| ISBN: | 978-7-5366-8981-7 | |
| 000 | 00675nam0 2200217 450 | |
| 005 | 20080828164419.35 | |
| 010 | @a978-7-5366-8981-7@dCNY20.00 | |
| 100 | @a20071009d2007 em y0chiy0121 ea | |
| 101 | 0 | @achi |
| 102 | @aCN@b500000 | |
| 105 | @ay z 000yy | |
| 200 | 1 | @a珊瑚海恋人@Ashan hu hai lian ren@f菜菜粥著 |
| 210 | @a重庆@c重庆出版社@d2007.10 | |
| 215 | @a235页@d23cm | |
| 330 | @a本书内容包括:绽放在枫丹白露的菊花、“彼得潘”脸上的晴雨表、站在世界的中心等待等内容。 | |
| 606 | 0 | @a长篇小说@Achang pian xiao shuo@y中国@z当代 |
| 690 | @aI247.5@v4 | |
| 701 | 0 | @a菜菜粥@Acai cai zhou@4著 |
| 801 | 0 | @aCN@bLR@c20080828 |
| 905 | @aZUCC@dI247.5@eC015 | |
| 999 | @aLYX | |
| 珊瑚海恋人/菜菜粥著.-重庆:重庆出版社,2007.10 |
| 235页;23cm |
| ISBN 978-7-5366-8981-7:CNY20.00 |
| 本书内容包括:绽放在枫丹白露的菊花、“彼得潘”脸上的晴雨表、站在世界的中心等待等内容。 |
| ● |
| 相关链接 |
|
|
|
正题名:珊瑚海恋人
索取号:I247.5/C015
 
预约/预借
| 序号 | 登录号 | 条形码 | 馆藏地/架位号 | 状态 | 备注 |
| 1 | 676348 | 206763484 | 社科二线400B/400B社科库 15排1列6层/ [索取号:I247.5/C015] | 在馆 | |
| 2 | 676349 | 206763493 | 文学库108/108文学库 25排4列3层/ [索取号:I247.5/C015] | 在馆 | |
| 3 | 676350 | 206763509 | 社科二线400B/400B社科库 15排1列6层/ [索取号:I247.5/C015] | 在馆 |